| 000 | 02139cam a2200409 a 4500 | ||
|---|---|---|---|
| 001 | 11920492 | ||
| 003 | OSt | ||
| 005 | 20260123160435.0 | ||
| 008 | 000224s2000 ilu bd 001 0 eng | ||
| 010 | _a 00026844 | ||
| 020 |
_a0226039331 _qacid-free paper |
||
| 020 |
_a9780226039336 _q(acid-free paper) |
||
| 035 | _a11920492 | ||
| 040 |
_aDLC _cDLC _dDLC |
||
| 050 | 0 | 0 |
_aPA881 _b.B38 2000 |
| 082 | 0 | 0 |
_a487/.4 _221 |
| 100 | 1 | _aDanker, Frederick W. | |
| 245 | 1 | 2 |
_aA Greek-English lexicon of the New Testament and other early Christian literature / _crevised and edited by Frederick William Danker. |
| 250 | _a3rd ed. | ||
| 260 |
_aChicago : _bUniversity of Chicago Press, _cc2000. |
||
| 300 |
_alxxix, 1108 p. ; _c27 cm. |
||
| 336 |
_atext _btxt _2rdacontent |
||
| 337 |
_aunmediated _bn _2rdamedia |
||
| 338 |
_avolume _bnc _2rdacarrier |
||
| 500 | _a"Based on Walter Bauer's Griechisch-deutsches Wörterbuch zu den Schriften des Neuen Testaments und der frühchristlichen Literatur, sixth edition, ed. Kurt Aland and Barbara Aland, with Viktor Reichmann and on previous English editions by W.F. Arndt, F.W. Gingrich, and F.W. Danker." | ||
| 504 | _aIncludes bibliographical references. | ||
| 630 | 0 | 0 |
_aBible. _pNew Testament _vDictionaries _xEnglish. |
| 650 | 0 |
_aGreek language, Biblical _vDictionaries _xEnglish. |
|
| 655 | 7 |
_aDictionaries. _2lcgft _0https://id.loc.gov/authorities/genreForms/gf2014026086 |
|
| 700 | 1 |
_aBauer, Walter, _d1877-1960. _tGriechisch-deutsches Wörterbuch zu den Schriften des Neuen Testaments und der frühchristlichen Literatur. |
|
| 700 | 1 |
_aArndt, William, _d1880-1957. _tGreek-English lexicon of the New Testament and other early Christian literature. |
|
| 856 | 4 | 2 |
_3Publisher description _uhttp://www.loc.gov/catdir/description/uchi051/00026844.html |
| 906 |
_a7 _bcbc _corignew _d1 _eocip _f20 _gy-gencatlg |
||
| 942 |
_2lcc _cBK |
||
| 999 |
_c21135 _d21134 |
||